KOHA-Header-6

Object-Oriented Modeling And Design (Record no. 9786)

000 -LEADER
fixed length control field 00269nam a2200109Ia 4500
100 ## - MAIN ENTRY--AUTHOR NAME
Personal name Rumbaugh, Blaha
245 #0 - TITLE STATEMENT
Title Object-Oriented Modeling And Design
260 ## - PUBLICATION, DISTRIBUTION, ETC. (IMPRINT)
Place of publication Canada
Name of publisher Pearson
Year of publication 1994
300 ## - PHYSICAL DESCRIPTION
Number of Pages 189
942 ## - ADDED ENTRY ELEMENTS (KOHA)
Koha item type Books
Holdings
Withdrawn status Lost status Collection code Permanent Location Current Location Shelving location Date acquired Full call number Accession Number Koha item type
    Computer Science MAJU MAJU   2019-09-14 337.52 5742 Computer Science

Powered by Koha